O inimigo de Deus / (Record no. 172)

MARC details
000 -LÍDER
campo de controle de tamanho fixo 01827nam a2200349 4500
001 - NÚMERO DE CONTROLE
campo de controle 172
003 - IDENTIFICADOR DO NÚMERO DE CONTROLE
campo de controle OSt
005 - DATA E HORÁRIO DA ÚLTIMA TRANSAÇÃO
campo de controle 20250528074013.0
008 - CAMPO DE DADOS FIXOS--INFORMAÇÃO GERAL
campo de controle de tamanho fixo 250130b |||||||g |||| 00| 1 eng d
020 ## - ISBN - INTERNATIONAL STANDARD BOOK NUMBER
ISBN - International Standard Book Number 9788501061188
040 ## - FONTE DA CATALOGAÇÃO
Idioma da catalogação por
041 ## - CÓDIGO DE IDIOMA
Código do idioma do original e/ou traduções intermediárias do texto eng
Código do idioma do texto/trilha sonora ou título diferente por
082 ## - CDD - CLASSIFICAÇÃO DECIMAL DE DEWEY
Número de Classificação 823
Número do exemplar C821i
100 1# - ENTRADA PRINCIPAL--NOME PESSOAL
Nome pessoal Cornwell, Bernard,
Datas associadas ao nome 1944-
9 (RLIN) 324
240 ## - TÍTULO UNIFORME
Título uniforme The enemy of God
245 ## - TÍTULO
Título O inimigo de Deus /
Indicação de responsabilidade, etc. Cornwell, Bernard ; Tradução de Alves Calado
250 ## - EDIÇÃO
Declaração de edição 20° edição
260 ## - PUBLICAÇÃO, DISTRIBUIÇÃO, ETC.
Local de publicação, distribuição, etc. Rio de Janeiro
Nome do editor, distribuidor, etc. Record
Data da publicação, distribuição, etc. 2014
300 ## - DESCRIÇÃO FÍSICA
Extensão 548 p.
490 1# - TÍTULO DA SÉRIE
Título da série As crônicas de Artur
Número do volume ou designação sequencial da série vol. 02
520 ## - NOTA DE RESUMO, ETC.
Resumo, etc. "O Inimigo de Deus" é o segundo volume da mais fiel história de Artur narrada até hoje. Com base em fatos novos e descobertas arqueológicas, Bernard Cornwell retrata o maior de todos os heróis como um guerreiro poderoso que luta contra os saxões para manter unida a Britânia, no século V, após a saída dos romanos. Em "O Inimigo de Deus", o país está unido e pronto para expulsar de uma vez os invasores saxões. Mas se por um lado está unificado politicamente, por outro a luta entre as religiões ancestrais e o cristianismo divide o povo. Diante da propagação da nova fé, Merlin empreende uma busca pelo caldeirão sagrado — objeto mágico poderoso, capaz de trazer de volta os antigos deuses e aniquilar os saxões e os cristãos. Ao longo desta jornada, ele é acompanhado pelo guerreiro Derfel por lugares distantes e perigosos, onde acontecem aventuras inesquecíveis.
650 #0 - ASSUNTO--TERMO TÓPICO
Cabeçalho tópico ou nome geográfico Literatura Inglesa
9 (RLIN) 89
650 #0 - ASSUNTO--TERMO TÓPICO
Cabeçalho tópico ou nome geográfico Mitologia
9 (RLIN) 128
650 #0 - ASSUNTO--TERMO TÓPICO
Cabeçalho tópico ou nome geográfico Fantasia
9 (RLIN) 45
650 #0 - ASSUNTO--TERMO TÓPICO
Cabeçalho tópico ou nome geográfico Aventura
9 (RLIN) 47
650 #0 - ASSUNTO--TERMO TÓPICO
Cabeçalho tópico ou nome geográfico História
9 (RLIN) 116
655 #0 - TERMO DE ÍNDICE--GÊNERO E FORMA
Gênero/forma/ou termo foco Romance
655 #0 - TERMO DE ÍNDICE--GÊNERO E FORMA
Gênero/forma/ou termo foco Ficção
700 ## - ENTRADA ADICIONADA - NOME PESSOAL
Nome pessoal Alves Calado
Função do autor por extenso Tradutor
9 (RLIN) 325
830 ## - ENTRADA SECUNDÁRIA DE SÉRIE--TÍTULO UNIFORME
Título uniforme As crônicas de Artur
Número do volume ou designação sequencial da série vol. 02
9 (RLIN) 326
942 ## - ELEMENTOS DE ENTRADA ADICIONADOS (KOHA)
Fonte de classificação ou esquema de arquivamento Classificação decimal de Dewey
Ocultar no OPAC Não
Tipo de material Koha Livros
Holdings
Situação do descarte Situação das perdas Fonte de classificação ou esquema de arquivamento Materiais especificados (volume encadernado ou outra parte) Status danificado Não pode ser emprestado Coleção Biblioteca de origem Biblioteca atual Localização na estante Data de aquisição Fonte de aquisição Total de empréstimos Número de chamada completo Código de barras Data de último acesso Número do exemplar Data do preço efetivo Tipo de material Koha
    Classificação decimal de Dewey vol. 02     Ficção Biblioteca Professor Eduardo Afonso de Castro Biblioteca Professor Eduardo Afonso de Castro Literatura Estrangeira 06.01.2021 doação   823 / C821i 2025-16542 30.01.2025 Ex. 01 30.01.2025 Livros
    Classificação decimal de Dewey vol. 02     Ficção Biblioteca Professor Eduardo Afonso de Castro Biblioteca Professor Eduardo Afonso de Castro Literatura Estrangeira 13.01.2021 doação   823 / C821i 2025-16534 30.01.2025 Ex. 02 30.01.2025 Livros

Powered by Koha